Zhodnotenie kvality podnikateľského prostredia v Slovenskej republike diplomová práca

Salvato in:
Dettagli Bibliografici
Autore principale: Voláriková, Michaela
Ente Autore: Fakulta podnikového manažmentu EU. Katedra podnikovohospodárska
Altri autori: Kovalev, Andrej
Natura: Libro
Lingua:slovacco
Pubblicazione: Bratislava 2012
Tags: Aggiungi Tag
Nessun Tag, puoi essere il primo ad aggiungerne!!

MARC

LEADER 00000nbm a2200000 4500
001 0153866
005 20161109102125.5
041 0 |a slo 
044 |a SK 
245 1 0 |a Zhodnotenie kvality podnikateľského prostredia v Slovenskej republike  |b diplomová práca  |c Michaela Voláriková ; školiteľ: Andrej Kovalev 
264 1 |a Bratislava  |c 2012 
300 |a 61 s. 
100 1 |a Voláriková, Michaela 
700 1 |a Kovalev, Andrej 
710 2 |a Fakulta podnikového manažmentu EU. Katedra podnikovohospodárska